000 01568nam a2200289 a 4500
001 3568445
005 20220326193337.0
008 980612s1998 ag a 000 0 spa
010 _a 98160026
020 _a9509536202
035 _a(AgBaFGC)gc 960033260006
040 _aDLC
_cDLC
043 _acl-----
082 0 0 _a779.209.2
_bF141f
100 1 _aFacio, Sara.
_94194
245 1 0 _aFoto de escritor :
_b1963/1973 /
_cSara Facio.
250 _a1a. ed.
260 _aBuenos Aires :
_bLa Azotea Editorial Fotográfica,
_c1998.
300 _a139 p. :
_bill. ;
_c25 x 22 cm.
440 0 _aColección Lo nuestro
_94195
505 _tVictoria Ocampo
_tRicardo E. Molinari
_tMiguel Angel Asturias
_tJorge Luis Borges
_tLeopoldo Marechal
_tSilvina Ocampo
_tEduardo Mallea
_tAlejo Carpentier
_tPablo Neruda
_tJuan Carlos Onetti
_tEnrique Molina
_tManuel Mujica Lainez
_tErnesto Sabato
_tOctavio Paz
_tNicanor Parra
_tAdolfo Bioy Caseres
_tJulio Cortazar
_tAugusto Roa Bastos
_tJuan Rulfo
_tAlberto Girri
_tMario Bennedetti
_tOlga Orozco
_tCarlos Gorostiza
_tBeatriz Guido
_tGabriel Garcia Marquez
_tGriselda Gambaro
_tGuillermo Cabrera Infante
_tCarlos Fuente
_tDavid Viñas
_tMaria Elena Walsh
_tMario Vargas Llosa
_tAlejandra Pizarnik
_tSevero Sarduy
600 1 0 _aFacio, Sara.
_94196
650 0 _aAuthors, Latin American
_xPortraits.
_94197
650 0 _aPortrait photography
_zLatin America.
_94198
906 _a7
_bcbc
_corignew
_d2
_encip
_f19
_gy-gencatlg
999 _c783
_d783